[Event "PER-ch"]
[Site "Lima"]
[Date "2023.09.02"]
[Round "7"]
[White "Pezo Flores, Ramiro Golber"]
[Black "Sardon Aragon, Alejandro Ulysses"]
[Result "1/2-1/2"]
[WhiteElo "1515"]
[BlackElo "1085"]
[PlyCount "43"]
[EventDate "2023.08.29"]
[EventType "swiss"]
[EventRounds "9"]
[EventCountry "PER"]
[SourceTitle "EXT 2024"]
[Source "ChessBase"]
[SourceDate "2023.10.10"]
[SourceVersion "1"]
[SourceVersionDate "2023.10.10"]
[SourceQuality "1"]

1. e4 c5 2. f4 d6 3. Nf3 Nf6 4. Nc3 Nbd7 5. a4 Qc7 6. Bc4 e6 7. d3 Be7 8. 0-0 0-0 9. Bd2 b6 10. Qe1 Bb7 11. Bb3 a6 12. Qe3 b5 13. axb5 axb5 14. Nxb5 Qb6 15. c4 Bc6 16. Ba4 Ra6 17. e5 Rfa8 18. b3 Nd5 19. cxd5 Bxb5 20. dxe6 fxe6 21. Ng5 Bxg5 22. fxg5 1/2-1/2

[Event "PER-ch"]
[Site "Lima"]
[Date "2023.08.31"]
[Round "4"]
[White "Sardon Aragon, Alejandro Ulysses"]
[Black "Ramirez Mori, Jael Eduardo"]
[Result "1-0"]
[WhiteElo "1085"]
[BlackElo "1095"]
[PlyCount "51"]
[EventDate "2023.08.29"]
[EventType "swiss"]
[EventRounds "9"]
[EventCountry "PER"]
[SourceTitle "EXT 2024"]
[Source "ChessBase"]
[SourceDate "2023.10.10"]
[SourceVersion "1"]
[SourceVersionDate "2023.10.10"]
[SourceQuality "1"]

1. e4 e5 2. Nf3 Nc6 3. Bc4 Bc5 4. c3 Nf6 5. d3 d6 6. a4 a6 7. 0-0 h6 8. Nbd2 0-0 9. h3 Be6 10. Bxe6 fxe6 11. Re1 Re8 12. Nf1 Ba7 13. Ng3 Qd7 14. Be3 Bxe3 15. fxe3 d5 16. exd5 exd5 17. e4 dxe4 18. Nxe4 Nxe4 19. Rxe4 Rad8 20. Qb3+ Qd5 21. Qxd5+ Rxd5 22. d4 Kf7 23. Rf1 Kg8 24. c4 Ra5 25. d5 Nb4 26. b3 1-0